Help for businesses (Record no. 81394)

MARC details
000 -LEADER
fixed length control field 00962cad a22002055a 4500
001 - CONTROL NUMBER
control field E147124
008 - FIXED-LENGTH DATA ELEMENTS--GENERAL INFORMATION
fixed length control field 090406e20090406xxk s000 0 eng d
035 ## - SYSTEM CONTROL NUMBER
System control number (Sirsi) u147124
041 0# - LANGUAGE CODE
Language code of text/sound track or separate title eng
110 2# - MAIN ENTRY--CORPORATE NAME
Corporate name or jurisdiction name as entry element Scotland
Subordinate unit Scottish Government
9 (RLIN) 5344
245 00 - TITLE STATEMENT
Title Help for businesses
Medium [electronic resource]
260 ## - PUBLICATION, DISTRIBUTION, ETC.
Date of publication, distribution, etc. 2009
490 ## - SERIES STATEMENT
Series statement Scottish Government News Release
Volume/sequential designation 6 April 2009
520 ## - SUMMARY, ETC.
Summary, etc. The Scottish Government has announced that businesses will have the option of deferring up to 60% of the annual increase in their 2009-10 business rates until 2010-11 and 2011-12, in order to help their cash flow. Business rates are set to increase by 5% from 1 April 2009.
590 ## - LOCAL NOTE (RLIN)
Local note KA
651 #4 - SUBJECT ADDED ENTRY--GEOGRAPHIC NAME
Geographic name Scotland
Chronological subdivision 1999-
690 ## - LOCAL SUBJECT ADDED ENTRY--TOPICAL TERM (OCLC, RLIN)
Topical term or geographic name as entry element PROPERTY-COMMERCIAL PROPERTY-COMMERCIAL PROPERTY TAXATION-BUSINESS RATES
856 40 - ELECTRONIC LOCATION AND ACCESS
Uniform Resource Identifier <a href="https://www.scotland.gov.uk/News/Releases/2009/04/06092112">https://www.scotland.gov.uk/News/Releases/2009/04/06092112</a>
Public note View the news release free of charge at www.scotland.gov.uk...
942 ## - ADDED ENTRY ELEMENTS (KOHA)
Suppress in OPAC 0
Holdings
Withdrawn status Lost status Source of classification or shelving scheme Damaged status Not for loan Home library Current library Shelving location Date acquired Total Checkouts Full call number Barcode Date last seen Copy number Price effective from Koha item type
    Dewey Decimal Classification     Virtual Virtual Online 06/04/2009   ONLINE PUBLICATION 147124-2001 06/08/2019 1 06/08/2019 Journal article